00946nam a2200229 a 4500001001000000003000500010005001700015008004100032010001100073011001100084040000900095100002800104245016800132260004100300500006000341502011800401650002400519650003600543650003700579700003000616856007000646000108851CHAP20250926062752.0140317s2013 mx | |sm |||||||spa|d a105313 a106285 cCHAP1 aJijón Gatica, Jacinto10aEvaluación de componentes de rendimiento de genotipos del genero lolium en Chapingo, Méx.h[En línea]cpor Jacinto Jijón Gatica y Josue Nahum Mora Montiel. aChapingo, Méx. :bEl autor,c2013. aPara ver el contenido del material haga clic en la liga aTesis (Ing. Agr. Esp. en Zootecnia) -- UACH. Departamento de Enseñanza, Investigación y Servicio en Zootecnia14aLolium multiflorum.14aPastos forrajerosxGermoplasma.17aPastos forrajerosxRendimiento21 aMora Montiel, Josue Nahum aFinding aiduhttp://10.13.5.2/tesis/sist108851.pdfzTeclea aquí